من التعليم إلى العمل تدريب و توظيف الشباب / (رقم التسجيلة. 77)

تفاصيل مارك
000 -LEADER
fixed length control field 00713nam a22002057a 4500
005 - DATE AND TIME OF LATEST TRANSACTION
control field 20251108163331.0
008 - FIXED-LENGTH DATA ELEMENTS--GENERAL INFORMATION
fixed length control field 250721s2008 xx 000 0 ara d
082 14 - DEWEY DECIMAL CLASSIFICATION NUMBER
Classification number 373.246/أنص
100 1# - MAIN ENTRY--PERSONAL NAME
Personal name الأنصاري، عيسى بن حسن
Relator term مؤلف
245 10 - TITLE STATEMENT
Title من التعليم إلى العمل تدريب و توظيف الشباب /
246 11 - VARYING FORM OF TITLE
Title proper/short title FROM SCHOOL TO WORK ... YOUTH TRAINING AND EMPLOYMENT
264 1# - PRODUCTION, PUBLICATION, DISTRIBUTION, MANUFACTURE, AND COPYRIGHT NOTICE
Place of production, publication, distribution, manufacture بيروت :
Name of producer, publisher, distributor, manufacturer المؤسسة العربية للدراسات و النشر،
Date of production, publication, distribution, manufacture, or copyright notice 2008.
300 ## - PHYSICAL DESCRIPTION
Extent 231 ص.
650 17 - SUBJECT ADDED ENTRY--TOPICAL TERM
Topical term or geographic name as entry element التدريب المهني
650 17 - SUBJECT ADDED ENTRY--TOPICAL TERM
Topical term or geographic name as entry element البطاله
650 17 - SUBJECT ADDED ENTRY--TOPICAL TERM
Topical term or geographic name as entry element المدارس المهنيه
653 ## - INDEX TERM--UNCONTROLLED
Uncontrolled term التوظيف
942 ## - ADDED ENTRY ELEMENTS (KOHA)
Source of classification or shelving scheme Dewey Decimal Classification
Koha item type كتب
المقتنيات
حالة السحب حالة الفقدان مصدر التصنيف حالة التلف غير قابل للإعارة المكتبة الرئيسية المكتبة الحالية موقع الرف تاريخ التزويد الرقم المتسلسل Total Checkouts رقم الإستدعاء تاريخ آخر ظهور تاريخ الفاتورة نوع المادة (كوها) الباركود
    Dewey Decimal Classification     المكتبة المركزية المكتبة المركزية مقتنيات قسم التزويد 28/07/2025 1265379   373.246/أنص 28/07/2025 28/07/2025 كتب  
    Dewey Decimal Classification     المكتبة المركزية المكتبة المركزية مقتنيات قسم التزويد 28/07/2025 1265380   373.246/أنص 28/07/2025 28/07/2025 كتب  
    Dewey Decimal Classification     المكتبة المركزية المكتبة المركزية مقتنيات قسم التزويد 28/07/2025 1265381   373.246/أنص 28/07/2025 28/07/2025 كتب  
    Dewey Decimal Classification     المكتبة المركزية المكتبة المركزية مقتنيات قسم التزويد 28/07/2025 1606031   373.246/أنص 28/07/2025 28/07/2025 كتب  
    Dewey Decimal Classification     مكتبة أبو علندا العامة مكتبة أبو علندا العامة الإعارة 07/03/2009 1265382   373.246/أنص 28/07/2025 07/03/2009 كتب PLD00076165
    Dewey Decimal Classification     مكتبةمؤتة مكتبةمؤتة الإعارة 20/03/2011 1428244   373.246/أنص 28/07/2025 20/03/2011 كتب PLD00198102
Implemented & Customized by: BBB with SCIT (Smart Chains for Information Technology)

Powered by Koha